Language Quiz

Random Language or Letter Quiz

IS That That It IS? Quiz Stats

 Plays Quiz Updated Oct 2, 2017

Score 0/35 Timer 06:00
1 Play Today
Word Clue Answer % Correct
3rd person form of 'to be'IS → ISIS
91.7%
Soda containerCAN → CANIS
88.2%
Average, on a golf coursePAR → PARIS
87.5%
Wood chopperAX → AXIS
87%
Ink-filled writerPEN → PENIS
86.9%
Carriers of traitsGENES → GENESIS
84.2%
1st person form of 'to be'AM → AMIS
83.7%
Shark's protuberanceFIN → FINIS
83.4%
Spanish verb 'to go'IR → IRIS
83.1%
Passes awayDIES → DIESIS
82.9%
Berlin's former dividerWALL → WALLIS
82.5%
A male sheepRAM → RAMIS
79%
Swiss currencyFRANC → FRANCIS
77.7%
A wing of a buildingELL → ELLIS
75%
Behold's partner?LO → LOIS
74.4%
Yes, in RussianDA → DAIS
74%
Hebrew summer monthAV → AVIS
73.7%
Analog's oppositeDIGITAL → DIGITALIS
72.2%
Word Clue Answer % Correct
A type of bearPOLAR → POLARIS
71.8%
EncounteredMET → METIS
68.9%
A study in a homeDEN → DENIS
68.7%
A place for a pintPUB → PUBIS
67.8%
Mama of the Mamas and the PapasCASS → CASSIS
65.7%
Damage the surface ofMAR → MARIS
62.1%
Bask in the sunTAN → TANIS
60.1%
Military outpostFORT → FORTIS
59.5%
Terse in speechCURT → CURTIS
58.2%
You have one while sittingLAP → LAPIS
56.8%
Village in northern HungaryTARD → TARDIS
56.7%
Bequeath, like an estateWILL → WILLIS
55.3%
Grandson of NoahARAM → ARAMIS
54.5%
A unit of 252 gallonsTUN → TUNIS
47%
Asafoetida, in IndiaHING → HINGIS
45.8%
City of ancient SumerUR → URIS
45.1%
Bowie's musical genreGLAM → GLAMIS
41.2%

You're not logged in!

Compare scores with friends on all Sporcle quizzes.
OR
Log In

Show Comments

Extras

Top Quizzes Today


Score Distribution

Your Account Isn't Verified!

In order to create a playlist on Sporcle, you need to verify the email address you used during registration. Go to your Sporcle Settings to finish the process.

Report this User

Report this user for behavior that violates our Community Guidelines.

Details: